Guess the Conan Gray Song (2) - Statistics

General Stats
  • This quiz has been taken 26 times
  • The average score is 190 of 232
Answer Stats
Answer % Correct
I
100%
a
94%
it
94%
love?
94%
the
94%
we
94%
and
89%
be
89%
But
89%
do
89%
If
89%
that
89%
to
89%
we're
89%
were
89%
you
89%
You
89%
You're
89%
Always
83%
always
83%
doorframe
83%
first
83%
for
83%
head
83%
house
83%
in
83%
it's
83%
left
83%
me,
83%
me
83%
my
83%
not
83%
of
83%
one
83%
rain
83%
rains
83%
saw
83%
time
83%
us?
83%
afraid
78%
again
78%
being
78%
born
78%
boys
78%
'cause
78%
city
78%
Come
78%
could
78%
explain
78%
find
78%
found
78%
friend
78%
less
78%
lover
78%
more
78%
Oh
78%
Oh-oh
78%
over
78%
private
78%
prove
78%
quiet
78%
rest
78%
scared
78%
school
78%
seen,
78%
shakes
78%
shouting
78%
Texas
78%
Then
78%
thing
78%
up
78%
was
78%
went
78%
why
78%
would
78%
Both
72%
both
72%
clouds
72%
crowds
72%
dirt
72%
Don't
72%
(eye
72%
eye)
72%
feet
72%
fell
72%
got
72%
Grew
72%
laughing
72%
Overwhelmed
72%
shoulders
72%
streets,
72%
Stumbled
72%
swift
72%
talking
72%
they're
72%
about
67%
church,
67%
sharp
67%
slick
67%
soft
67%
strange
67%
teeth
67%
While
67%
would've
67%
chipped
61%
mm
61%
(terrified),
61%
with
61%
truly seen
33%
No matching quizzes found
Score Distribution
Percent of People with Each Score
Percentile by Number Answered
Your Score History
You have not taken this quiz